000 00960njm a22002777a 4500
005 20100914152621.0
007 sd ammalaaahaa
008 100913t xxu||||| |||| 00| 0 hin d
028 _aPSLP 4092
_bHis Master's Voice
035 _aGR-05789
040 _aSED/VEN
100 _aKumar Sanu
_91184
245 _aDamini /
_cby Kumar Sanu
_h[sound recording] :
246 _aदामिनी /
260 _aDum Dum India
_bHis Master's Voice
_c1992
300 _a1 sound disc [Gramophone record] :
_banalog, 33 1/3 rpm
_c12.5 in. (LP)
_fGramophone Record
500 _aBrief Record
500 _aRecord label :His Master's Voice, Red
505 _aSide-1 Jab se tumhe dekha Side 2 Bin sajan jhoola jhulu
600 _aKumar Sanu
_919992
650 _aFilm Songs
_xExcerpts
_zIndia
_919603
700 _919604
700 _919605
942 _2ddc
_cGR
999 _c47147
_d47147